LDR 01100naa#a2200169#i#450# 001 RU\\bibl\123385 005 20260705165325.7 011 ## _a1994-4683 100 ## _a20230731b2023####ek#y0rusy0150####ca 102 ## _aRU 200 1# _aКОНЦЕПЦИЯ РАЗВИТИЯ УЧЕБНО-МЕТОДИЧЕСКОГО ОБЕСПЕЧЕНИЯ ПРОЦЕССА ОБУЧЕНИЯ СТУДЕНТОВ ВОЕННОГО УЧЕБНОГО ЦЕНТРА В ЦИФРОВОМ ОБРАЗОВАТЕЛЬНОМ ПРОСТРАНСТВЕ ВУЗА _eЖурнальная статья 210 1# _aМосква _cНациональный государственный Университет физической культуры, спорта и здоровья им. П.Ф. Лесгафта _d2023 215 ## _a4 с. 608 ## _aЖурнальная статья _2local 675 ## _aОрганизация высшего образования. Организация работы высшего учебного заведения. 378.1 _z 700 #1 _aИваненко _gТамара Александровна 856 4# _auchzapiski.lesgaft.spb.ru _u